Wrestling Observer Best Non-Wrestler - Statistics

General Stats
  • This quiz has been taken 126 times
    54 since last reset
  • The average score is 16 of 26
Answer Stats
Year Promotion Non-Wrestler % Correct
2024 WWE Paul Heyman
94%
2022 WWE Paul Heyman
94%
2021 WWE Paul Heyman
94%
2019 WWE Paul Heyman
94%
2018 WWE Paul Heyman
94%
2014 WWE Paul Heyman
94%
2013 WWE Paul Heyman
94%
2012 WWE Paul Heyman
94%
2004 WWE Paul Heyman
94%
2002 WWE Paul Heyman
94%
2001 WWF Paul Heyman
94%
2000 WWF Vince McMahon
91%
1999 WWF Vince McMahon
91%
2023 AEW Don Callis
62%
2005 WWE Eric Bischoff
40%
2010 WWE Vickie Guerrero
34%
2009 WWE Vickie Guerrero
34%
2006 TNA/ROH Jim Cornette
30%
2016 Lucha Underground Dario Cueto
23%
2015 Lucha Underground Dario Cueto
23%
2011 WWE Ricardo Rodriguez
23%
2003 WWE "Stone Cold" Steve Austin
23%
2017 WWE Daniel Bryan
21%
2020 AEW Taz
21%
2008 ROH Larry Sweeney
6%
2007 ROH Larry Sweeney
6%
No matching quizzes found
Score Distribution
Percent of People with Each Score
Percentile by Number Answered
Your Score History
You have not taken this quiz since the last reset